000 00690nam a2200241Ia 4500
003 IIN
005 20240102163422.0
008 231217s9999 xx 000 0 und d
020 _cRs.1495.00
_a9789389188516
040 _aIIN
_bEnglish
082 _a610.73
_bJAC
100 1 _a Jacob, Annamma
245 1 _aClinical Nursing Procedures
_bthe art of nursing practice
_cAnnamma Jacob, Rekha R. & Jadhav Sonali Tarachale
250 _a 4th ed
260 _bJaypee
_aNew Delhi
_c2020
300 _axviii, 1037p.
650 1 _aFoundation
650 1 _aFundamentals
650 1 _a Procedures
_v Nursing
700 1 _aRekha, R.
700 1 _aTarachale, Jadhav Sonali
942 _cBOOK
999 _c1552
_d1552